| 000 | 01579cam a2200397 a 4500 | ||
|---|---|---|---|
| 999 |
_c19571 _d19571 |
||
| 001 | 13833165 | ||
| 003 | BDDh-ASL | ||
| 005 | 20231015025805.0 | ||
| 008 | 041109s2004 ii a b 010 0 eng | ||
| 010 | _a 2004307915 | ||
| 020 | _a8173045488 | ||
| 025 | _aI-E-2004-307915; 56-91 | ||
| 035 | _a(DLC) 2004307915 | ||
| 037 |
_bLibrary of Congress -- New Delhi Overseas Office _cRs995.00 |
||
| 040 |
_aDLC _cDLC _dBDDh-ASL |
||
| 042 | _alcode | ||
| 043 | _aa-ii--- | ||
| 050 | 0 | 0 |
_aDS452 _b.S795 2004 |
| 082 | 0 | 0 |
_a297.272 _222 _bSUF |
| 245 | 0 | 0 |
_aSufis, sultans, and feudal orders : _bProfessor Nurul Hasan commemoration volume / _cedited by Mansura Haidar. |
| 260 |
_aNew Delhi : _bManohar, _c2004. |
||
| 300 |
_axvi, 497 p. : _bill. ; _c23 cm. |
||
| 500 | _a"Centre of Advanced Study, Department of History, Aligarh Muslim University." | ||
| 504 | _aIncludes bibliographical references. | ||
| 520 | _aContributed articles honoring Professor Nurul S. Hasan, b. 1921, on Indian history in medieval period, during 14th to 19th century and sufism; also includes some memoirs on him. | ||
| 600 | 1 | 0 |
_aNurul Hasan, S. _q(Saiyid), _d1921-1993. |
| 650 | 0 |
_aSufism _zIndia _xHistory. |
|
| 651 | 0 |
_aIndia _xHistory _y1000-1765. |
|
| 651 | 0 |
_aIndia _xHistory _y19th century. |
|
| 700 | 1 | _aHaidar, Mansura. | |
| 700 | 1 |
_aNurul Hasan, S. _q(Saiyid), _d1921-1993. |
|
| 710 | 2 |
_aAligarh Muslim University. _bCentre of Advanced Study in History. |
|
| 906 |
_a7 _bcbc _corigode _d3 _encip _f20 _gy-gencatlg |
||
| 942 |
_2ddc _cBK |
||